=LDR 00000nam 2200000 4500 =001 INLIS000000000050800 =005 20200930072319 =035 ##$$a 0010-0617000008 =007 ta =008 200930################g##########0#ind## =020 ##$$a 979-526-128-2 =082 ##$$a 304.2 =084 ##$$a 304.2 HUS l =100 1#$$a Husen, Harun M. =245 1#$$a Lingkungan hidup : $b Masalah, pengelolaan dan penegakan hukumnya /$c Harun M. Husen, SH. =260 ##$$a Jakarta :$b Bumi Aksara,$c 1992 =300 ##$$a xiv, 284 hlm. ; $c 14 x 22 cm. =650 #4$$a Hukum : lingkungan hidup =250 ##$$a cet. 1 =990 ##$$a 01201708783 =990 ##$$a 00092267 =990 ##$$a 00092267 =990 ##$$a 06180618 =990 ##$$a 1199701230 =990 ##$$a 00092267